[Event "XVII Miedzynarodowy Turniej Szachowy Kow"]
[Site "Kowalewo Pomorskie"]
[Date "2010.07.04"]
[Round "1.3"]
[White "Banasik, Krzysztof"]
[Black "Puczylowski, Marcin"]
[Result "1-0"]
[WhiteElo "2250"]
[BlackElo "2034"]
[PlyCount "83"]
[EventDate "2010.??.??"]

1. e4 c5 2. d3 Nc6 3. g3 d6 4. Bg2 e6 5. Be3 g6 6. Ne2 Bg7 7. c3 e5 8. O-O Nge7
9. Nd2 O-O 10. f4 f5 11. Nf3 Rb8 12. Qb3+ Kh8 13. Ng5 Qe8 14. Ne6 Bxe6 15. Qxe6
Rd8 16. Qb3 b6 17. Rae1 d5 18. fxe5 c4 19. dxc4 Na5 20. Qb4 Nac6 21. Qa4 dxe4
22. Nf4 Nxe5 23. Qxe8 Rfxe8 24. Ne6 Nxc4 25. Nxd8 Nxe3 26. Nf7+ Kg8 27. Rxe3
Nd5 28. Re2 Kxf7 29. Rxe4 Rxe4 30. Bxe4 Ne3 31. Re1 Ng4 32. Bd5+ Kf8 33. Kg2
Nf6 34. Bf3 Kf7 35. a4 Nd7 36. a5 Nc5 37. axb6 axb6 38. Ra1 Nd3 39. Ra7+ Kf8
40. Ra2 Ke7 41. Be2 Ne5 42. Ra7+ 1-0

[Event "XVII Miedzynarodowy Turniej Szachowy Kow"]
[Site "Kowalewo Pomorskie"]
[Date "2010.07.04"]
[Round "1.4"]
[White "Szmidt, Przemyslaw"]
[Black "Jaroch, Karol"]
[Result "0-1"]
[WhiteElo "2033"]
[BlackElo "2241"]
[PlyCount "90"]
[EventDate "2010.??.??"]

1. Nf3 b6 2. e4 Bb7 3. Nc3 e6 4. d4 Bb4 5. Bd3 c5 6. a3 Ba5 7. dxc5 bxc5 8. O-O
Bxc3 9. bxc3 Ne7 10. Bf4 O-O 11. Rb1 Bc6 12. Bd6 c4 13. Bxc4 Bxe4 14. Bd3 Bc6
15. Bxh7+ Kxh7 16. Ng5+ Kg6 17. Qg4 f5 18. Qg3 f4 19. Qg4 Kh6 20. Bxf4 Rxf4 21.
Qxf4 Ng6 22. Nf7+ Kh7 23. Ng5+ Kh8 24. Qg3 Qe8 25. Rb4 Na6 26. Rg4 Nc5 27. Qh3+
Kg8 28. Qh7+ Kf8 29. h4 e5 30. h5 Nf4 31. Rxf4+ exf4 32. h6 Qe5 33. Qg6 Bd5 34.
hxg7+ Ke7 35. c4 Be6 36. Nxe6 Qxe6 37. Qg5+ Kd6 38. Rd1+ Kc6 39. Qxf4 Rg8 40.
Qd4 d6 41. f4 Nd7 42. a4 Kc7 43. Qxa7+ Kd8 44. Qd4 Qg4 45. Qxd6 Qxg7 0-1

[Event "XVII Miedzynarodowy Turniej Szachowy Kow"]
[Site "Kowalewo Pomorskie"]
[Date "2010.07.04"]
[Round "1.5"]
[White "Zurkowski, Andrzej"]
[Black "Garbowska, Hanna"]
[Result "1/2-1/2"]
[WhiteElo "2175"]
[BlackElo "2026"]
[PlyCount "60"]
[EventDate "2010.??.??"]

1. d4 d5 2. Nf3 e6 3. e3 Nf6 4. Bd3 Be7 5. O-O O-O 6. b3 Nbd7 7. Nbd2 c5 8. Bb2
b6 9. Ne5 Bb7 10. f4 Ne4 11. f5 Bg5 12. Qe2 Nxd2 13. Nxd7 Nxf1 14. Nxf8 Nxe3
15. Nxh7 Nxf5 16. Bxf5 exf5 17. Nxg5 Qxg5 18. dxc5 bxc5 19. Re1 d4 20. Qf2 Be4
21. b4 Rb8 22. Bc1 Qg6 23. bxc5 Rb5 24. Rd1 Rb1 25. g3 Qg4 26. Rf1 Ra1 27. Qxd4
Rxc1 28. Rxc1 Qf3 29. Qd2 Qh1+ 30. Kf2 Qf3+ 1/2-1/2

[Event "XVII Miedzynarodowy Turniej Szachowy Kow"]
[Site "Kowalewo Pomorskie"]
[Date "2010.07.04"]
[Round "1.6"]
[White "Zielinski, Wojciech"]
[Black "Kubicki, Marek"]
[Result "0-1"]
[WhiteElo "2008"]
[BlackElo "2172"]
[PlyCount "108"]
[EventDate "2010.??.??"]

1. e4 d6 2. d4 g6 3. Nc3 Bg7 4. Be3 Nd7 5. Qd2 a6 6. f3 b5 7. O-O-O Bb7 8. g4
Rc8 9. h4 c5 10. h5 b4 11. Nb1 Qa5 12. a3 cxd4 13. Bxd4 Bh6 14. Be3 Nc5 15. Bc4
Nxe4 16. fxe4 Bxe3 17. Bxf7+ Kxf7 18. Qxe3 Nf6 19. hxg6+ hxg6 20. Rxh8 Rxh8 21.
Nf3 Nxe4 22. Rf1 Ke8 23. Nd4 bxa3 24. Nxa3 Qg5 25. Qxg5 Nxg5 26. Nc4 Rh4 27.
Ne3 Rh3 28. Re1 Nf3 29. Nxf3 Rxf3 30. Kd2 Rg3 31. Kc3 Bc8 32. Kb4 Bxg4 33. Nd5
e5 34. Ka5 Bf3 35. Ne3 Rh3 36. Kxa6 g5 37. b4 g4 38. b5 g3 39. b6 g2 40. Nxg2
Bxg2 41. b7 Bxb7+ 42. Kxb7 Rc3 43. Re2 Ke7 44. Kb6 Ke6 45. Kb5 d5 46. Kb4 d4
47. Rh2 Kd5 48. Rg2 Ke4 49. Re2+ Kf4 50. Rh2 e4 51. Rg2 Kf3 52. Rd2 e3 53. Rxd4
Rxc2 54. Rd8 e2 0-1

[Event "XVII Miedzynarodowy Turniej Szachowy Kow"]
[Site "Kowalewo Pomorskie"]
[Date "2010.07.04"]
[Round "1.7"]
[White "Plichta, Kamil"]
[Black "Flazinski, Jozef"]
[Result "1-0"]
[WhiteElo "2158"]
[BlackElo "2000"]
[PlyCount "109"]
[EventDate "2010.??.??"]

1. d4 Nf6 2. c4 c5 3. d5 e6 4. Nc3 exd5 5. cxd5 d6 6. e4 g6 7. h3 Bg7 8. Bd3
O-O 9. Nf3 Nfd7 10. Bf4 Ne5 11. Nxe5 dxe5 12. Be3 b6 13. O-O f5 14. f3 f4 15.
Bf2 Nd7 16. a3 Qg5 17. Kh2 Nf6 18. b4 cxb4 19. axb4 Nh5 20. Qe1 Ng3 21. Rg1 Bd7
22. Ne2 Nxe2 23. Qxe2 Qe7 24. Qb2 Rfc8 25. Ba6 Rd8 26. Rgc1 Be8 27. Qb3 Kh8 28.
Rc4 Bf6 29. Rac1 Bh4 30. Rc7 Rd7 31. Bxh4 Qxh4 32. Qb2 Qg5 33. Rc8 Rd8 34. Rxa8
Rxa8 35. Rc7 b5 36. Qf2 h5 37. Kg1 Qf6 38. Qc5 Kg8 39. Qe7 Qxe7 40. Rxe7 Kf8
41. Rxe5 Bd7 42. d6 Rb8 43. Re7 Rb6 44. Rxd7 Rxa6 45. e5 Ke8 46. Rb7 Ra1+ 47.
Kf2 Ra2+ 48. Ke1 Ra3 49. Kd2 Re3 50. Rxb5 a6 51. Rb8+ Kd7 52. Rb7+ Kd8 53. Re7
g5 54. e6 Re5 55. Kc3 1-0

[Event "XVII Miedzynarodowy Turniej Szachowy Kow"]
[Site "Kowalewo Pomorskie"]
[Date "2010.07.04"]
[Round "1.8"]
[White "Kruczynski, Marek"]
[Black "Jurkiewicz, Krzysztof"]
[Result "0-1"]
[WhiteElo "1988"]
[BlackElo "2142"]
[PlyCount "38"]
[EventDate "2010.??.??"]

1. e4 c5 2. g3 Nc6 3. Bg2 g6 4. Ne2 Bg7 5. O-O d6 6. c3 e5 7. d3 Nge7 8. c4 O-O
9. Nbc3 a6 10. h3 Bd7 11. Kh2 Nd4 12. Nxd4 cxd4 13. Ne2 b5 14. b3 Bc6 15. Bd2
Rb8 16. Rb1 Qc7 17. Qc2 Qb7 18. g4 f5 19. Ng3 f4 0-1

[Event "XVII Miedzynarodowy Turniej Szachowy Kow"]
[Site "Kowalewo Pomorskie"]
[Date "2010.07.04"]
[Round "1.9"]
[White "Choroszej, Aleksander"]
[Black "Pietrzak, Tomasz"]
[Result "1-0"]
[WhiteElo "2095"]
[BlackElo "1980"]
[PlyCount "123"]
[EventDate "2010.??.??"]

1. d4 d5 2. c4 e6 3. Nc3 Nf6 4. Nf3 Be7 5. Bg5 O-O 6. e3 h6 7. Bh4 Ne4 8. Bxe7
Qxe7 9. Bd3 Nxc3 10. bxc3 dxc4 11. Bxc4 c5 12. O-O Rd8 13. Ne5 cxd4 14. exd4
Nc6 15. f4 Qc7 16. Nxc6 Qxc6 17. Qb3 a6 18. Rae1 b5 19. Bd3 Bb7 20. Be4 Qb6 21.
f5 exf5 22. Rxf5 Rd7 23. Bd5 Bxd5 24. Rxd5 Rxd5 25. Qxd5 Rd8 26. Qe5 Qd6 27.
Qxd6 Rxd6 28. Re8+ Kh7 29. Rc8 Kg6 30. Kf2 Kf5 31. Ke3 Ke6 32. Rc7 Rd7 33. Rc8
Rd6 34. g4 Kd7 35. Ra8 Rc6 36. Kd3 Ke6 37. h4 Kd5 38. a4 Rg6 39. axb5 axb5 40.
Ra5 Rxg4 41. Rxb5+ Kc6 42. Rh5 f5 43. Rxf5 Rxh4 44. Kc4 Rh3 45. Rf7 Rg3 46. Rf5
g6 47. d5+ Kd6 48. Rf6+ Ke5 49. Re6+ Kf5 50. Re1 Rg4+ 51. Kc5 Rg3 52. c4 Rd3
53. d6 h5 54. Kc6 h4 55. d7 g5 56. Kc7 g4 57. d8=Q Rxd8 58. Kxd8 g3 59. c5 h3
60. c6 g2 61. c7 h2 62. c8=Q+ 1-0

[Event "XVII Miedzynarodowy Turniej Szachowy Kow"]
[Site "Kowalewo Pomorskie"]
[Date "2010.07.04"]
[Round "1.10"]
[White "Reza, Wojciech"]
[Black "Kuchnio, Przemyslaw"]
[Result "1-0"]
[WhiteElo "1940"]
[BlackElo "2089"]
[PlyCount "99"]
[EventDate "2010.??.??"]

1. e4 Nf6 2. e5 Nd5 3. d4 d6 4. exd6 cxd6 5. Nf3 g6 6. Bc4 Nb6 7. Bb3 Bg7 8.
Bg5 O-O 9. O-O Bg4 10. c3 Qc7 11. h3 Bxf3 12. Qxf3 Nc6 13. Nd2 Nd7 14. Rad1 Nf6
15. Rfe1 Rae8 16. Nc4 h6 17. Bh4 b5 18. Ne3 Nh7 19. Nd5 Qd7 20. Qd3 e6 21. Ne3
Na5 22. Bc2 d5 23. f4 Nc4 24. Nxc4 bxc4 25. Qf3 Rb8 26. Re2 Rb6 27. g4 Rfb8 28.
f5 g5 29. Bg3 Re8 30. fxe6 fxe6 31. Rde1 Nf8 32. b3 cxb3 33. axb3 Rc8 34. Kg2
Rbc6 35. Rc1 Kh8 36. Bb1 Qb7 37. Qd3 Qa6 38. c4 dxc4 39. bxc4 Qb7 40. Kh2 Rb6
41. Rf1 Rxb1 42. Rxb1 Qa6 43. Rb8 Rxb8 44. Bxb8 Nd7 45. Bg3 Nf8 46. Be5 Qc6 47.
d5 Bxe5+ 48. Rxe5 Qd6 49. Qg3 exd5 50. Rxd5 1-0

[Event "XVII Miedzynarodowy Turniej Szachowy Kow"]
[Site "Kowalewo Pomorskie"]
[Date "2010.07.04"]
[Round "1.11"]
[White "Kobus, Sebastian"]
[Black "Renkowski, Piotr"]
[Result "1-0"]
[WhiteElo "2080"]
[BlackElo "1931"]
[PlyCount "75"]
[EventDate "2010.??.??"]

1. e4 e6 2. d4 d5 3. exd5 exd5 4. Bd3 Bd6 5. Qf3 Nc6 6. Ne2 Nge7 7. O-O Nb4 8.
Bg5 f6 9. Bf4 Nxd3 10. Qxd3 O-O 11. Bxd6 Qxd6 12. Ng3 Bd7 13. Nd2 Be8 14. f4 a6
15. a4 Bd7 16. f5 b5 17. a5 Rfe8 18. Nb3 b4 19. Qd2 Bb5 20. Rf3 Nc6 21. Nc5 Re7
22. Ne6 Nd8 23. Nf4 Nf7 24. h4 Rae8 25. Ngh5 Nh6 26. Ng3 Nf7 27. Qf2 Bd7 28.
Nd3 Nh6 29. Qd2 Rb8 30. Re1 Rxe1+ 31. Qxe1 b3 32. c3 Rb5 33. Nc5 Rxa5 34. Nb7
Qb6 35. Nxa5 Qxa5 36. Qe7 Qb5 37. Nh5 Nf7 38. Rg3 1-0

[Event "XVII Miedzynarodowy Turniej Szachowy Kow"]
[Site "Kowalewo Pomorskie"]
[Date "2010.07.05"]
[Round "2.1"]
[White "Plichta, Kamil"]
[Black "Siembab, Bartosz"]
[Result "0-1"]
[WhiteElo "2158"]
[BlackElo "2276"]
[PlyCount "134"]
[EventDate "2010.??.??"]

1. d4 Nf6 2. c4 c5 3. d5 b5 4. a4 bxc4 5. Nc3 d6 6. e4 g6 7. f4 Bg7 8. Nf3 O-O
9. Bxc4 Ba6 10. Nd2 Qa5 11. O-O Nfd7 12. Qe2 Nb6 13. Bb5 Bxb5 14. axb5 Qb4 15.
Nf3 Qc4 16. Qe1 a6 17. Qh4 Bf6 18. Qh3 axb5 19. Rxa8 Nxa8 20. e5 Bg7 21. e6 f5
22. Ng5 Bd4+ 23. Be3 Bxe3+ 24. Qxe3 Qd4 25. Qxd4 cxd4 26. Nxb5 Nb6 27. Nxd4
Nxd5 28. g3 Rc8 29. Ra1 Rc4 30. Ra8 Rxd4 31. Rxb8+ Kg7 32. Rb5 Nc7 33. Rb7 Rc4
34. Kg2 h6 35. Nf7 Kf6 36. Nxh6 Kxe6 37. h3 Nd5 38. Rb8 Kf6 39. h4 Rc2+ 40. Kf3
e5 41. fxe5+ dxe5 42. g4 e4+ 43. Kg3 f4+ 44. Kh3 f3 45. g5+ Ke5 46. Ng4+ Kd4
47. Rd8 Rxb2 48. Nf6 f2 49. Kg2 e3 50. Rxd5+ Kc4 51. Rd1 f1=Q+ 52. Kxf1 e2+ 53.
Ke1 exd1=Q+ 54. Kxd1 Kd3 55. Kc1 Rc2+ 56. Kb1 Rh2 57. Ng4 Rh1+ 58. Kb2 Re1 59.
Nf6 Re2+ 60. Kb3 Re5 61. h5 gxh5 62. Nxh5 Rb5+ 63. Ka3 Rxg5 64. Nf4+ Kc4 65.
Ne2 Kd3 66. Nc1+ Kc2 67. Ne2 Rg4 0-1

[Event "XVII Miedzynarodowy Turniej Szachowy Kow"]
[Site "Kowalewo Pomorskie"]
[Date "2010.07.05"]
[Round "2.2"]
[White "Piesik, Piotr"]
[Black "Choroszej, Aleksander"]
[Result "1/2-1/2"]
[WhiteElo "2264"]
[BlackElo "2095"]
[PlyCount "78"]
[EventDate "2010.??.??"]

1. Nf3 g6 2. g3 Bg7 3. d4 d6 4. Bg2 Nf6 5. O-O O-O 6. Nbd2 Nbd7 7. e4 e5 8.
dxe5 Nxe5 9. Nxe5 dxe5 10. Qe2 Qe7 11. b3 Bg4 12. f3 Be6 13. Nc4 Nd7 14. a4
Qc5+ 15. Ne3 Rfd8 16. Kh1 Nf8 17. Ba3 Qb6 18. Rad1 c6 19. Rfe1 Rxd1 20. Rxd1
Rd8 21. Rd3 Rxd3 22. Qxd3 Qd4 23. Bf1 Qa1 24. Bc5 b6 25. Bd6 Bh3 26. Kg1 Ne6
27. Kf2 Bxf1 28. Qxf1 Qxf1+ 29. Kxf1 f6 30. Bb8 a6 31. Nc4 Nd4 32. f4 exf4 33.
Bxf4 Nxc2 34. Nxb6 Nd4 35. Nd7 Nxb3 36. Nb8 a5 37. Nxc6 Nc5 38. Nxa5 Nxa4 39.
Ke2 Nc5 1/2-1/2

[Event "XVII Miedzynarodowy Turniej Szachowy Kow"]
[Site "Kowalewo Pomorskie"]
[Date "2010.07.05"]
[Round "2.3"]
[White "Jurkiewicz, Krzysztof"]
[Black "Banasik, Krzysztof"]
[Result "0-1"]
[WhiteElo "2142"]
[BlackElo "2250"]
[PlyCount "81"]
[EventDate "2010.??.??"]

1. d4 e6 2. c4 Nf6 3. g3 Bb4+ 4. Nd2 c5 5. Ngf3 Nc6 6. dxc5 Bxc5 7. e3 O-O 8.
Bg2 b6 9. O-O Bb7 10. Nb3 Be7 11. Re1 Rc8 12. e4 d6 13. Bf4 e5 14. Bg5 h6 15.
Bxf6 Bxf6 16. Qd2 Qc7 17. Rac1 Qb8 18. Bh3 Rcd8 19. Na1 Bc8 20. Bxc8 Qxc8 21.
Nc2 Qg4 22. Kg2 Bg5 23. Nxg5 Qxg5 24. Qxg5 hxg5 25. Rcd1 f6 26. Rd2 Kf7 27.
Red1 Ke6 28. b3 Rd7 29. f3 g6 30. g4 Rh8 31. b4 Rhd8 32. Kf2 Rh7 33. Kg3 Ke7
34. c5 dxc5 35. bxc5 bxc5 36. Rxd8 Nxd8 37. Rd2 Ne6 38. Kg2 Nd4 39. Nxd4 exd4
40. Rb2 Kd6 41. a4 0-1

[Event "XVII Miedzynarodowy Turniej Szachowy Kow"]
[Site "Kowalewo Pomorskie"]
[Date "2010.07.05"]
[Round "2.4"]
[White "Jaroch, Karol"]
[Black "Kobus, Sebastian"]
[Result "0-1"]
[WhiteElo "2241"]
[BlackElo "2080"]
[PlyCount "76"]
[EventDate "2010.??.??"]

1. e4 e5 2. Nf3 Nf6 3. Nc3 Bb4 4. Nxe5 d6 5. Nf3 Bxc3 6. dxc3 Nxe4 7. Bd3 Bf5
8. O-O O-O 9. Re1 Re8 10. Ng5 d5 11. f3 Nd6 12. Rxe8+ Qxe8 13. Bf4 h6 14. Bxd6
Qe3+ 15. Kf1 Bxd3+ 16. Qxd3 Qxd3+ 17. cxd3 cxd6 18. Nh3 d4 19. c4 Nc6 20. a3 g5
21. f4 f6 22. Re1 Kf7 23. b4 g4 24. Nf2 f5 25. Nh1 a6 26. Kf2 b5 27. Rc1 Nd8
28. Ng3 Kf6 29. Ne2 Ne6 30. g3 Ke7 31. a4 Kd7 32. cxb5 axb5 33. a5 h5 34. Rc2
Ra7 35. Ke1 Ra8 36. Kd2 Rh8 37. Kc1 h4 38. Kb2 h3 {zapis nieczytelny} 0-1

[Event "XVII Miedzynarodowy Turniej Szachowy Kow"]
[Site "Kowalewo Pomorskie"]
[Date "2010.07.05"]
[Round "2.5"]
[White "Kubicki, Marek"]
[Black "Reza, Wojciech"]
[Result "1/2-1/2"]
[WhiteElo "2172"]
[BlackElo "1940"]
[PlyCount "82"]
[EventDate "2010.??.??"]

1. d4 Nf6 2. c4 e6 3. Nf3 c5 4. d5 b5 5. Bg5 h6 6. Bxf6 Qxf6 7. Qc2 bxc4 8. e4
exd5 9. exd5 Be7 10. Bxc4 O-O 11. O-O Qb6 12. Nc3 d6 13. Rfe1 Bd8 14. Re3 Nd7
15. Ne4 Nf6 16. b3 Nxe4 17. Qxe4 Bf6 18. Rae1 Bd7 19. Bd3 g6 20. Qf4 Kg7 21. h4
Rae8 22. g4 Rxe3 23. Rxe3 Re8 24. g5 hxg5 25. hxg5 Bb2 26. Rxe8 Bxe8 27. Nd2
Be5 28. Qh4 Qa5 29. Ne4 Qxa2 30. Kg2 Qb2 31. Qh6+ Kg8 32. Qh3 Qd4 33. f4 Bg7
34. Qf3 Bd7 35. Nxd6 Qb2+ 36. Kg3 Qxb3 37. Nxf7 c4 38. Bxg6 a5 39. Ne5 Bb5 40.
d6 a4 41. d7 Bxd7 1/2-1/2

[Event "XVII Miedzynarodowy Turniej Szachowy Kow"]
[Site "Kowalewo Pomorskie"]
[Date "2010.07.05"]
[Round "2.6"]
[White "Kuchnio, Przemyslaw"]
[Black "Zurkowski, Andrzej"]
[Result "0-1"]
[WhiteElo "2089"]
[BlackElo "2175"]
[PlyCount "42"]
[EventDate "2010.??.??"]

1. e4 d5 2. exd5 Qxd5 3. Nc3 Qd6 4. d4 Nf6 5. Be2 e6 6. Nf3 c6 7. O-O Nbd7 8.
Bd3 Qc7 9. Re1 Bd6 10. Bg5 b6 11. Ne4 Nxe4 12. Bxe4 O-O 13. c4 Bb7 14. Bc2 Rae8
15. Qd3 f5 16. Bd2 c5 17. Ng5 Rf6 18. d5 Bxh2+ 19. Kf1 Ne5 20. Qc3 exd5 21.
cxd5 Ba6+ 0-1

[Event "XVII Miedzynarodowy Turniej Szachowy Kow"]
[Site "Kowalewo Pomorskie"]
[Date "2010.07.05"]
[Round "2.7"]
[White "Garbowska, Hanna"]
[Black "Mazalon, Mariusz"]
[Result "0-1"]
[WhiteElo "2026"]
[BlackElo "2093"]
[PlyCount "81"]
[EventDate "2010.??.??"]

1. e4 c5 2. Nf3 d6 3. d4 cxd4 4. Nxd4 Nf6 5. Nc3 a6 6. Be2 e5 7. Nb3 Be7 8. a4
b6 9. Be3 Bb7 10. Bf3 Nbd7 11. O-O O-O 12. Qe2 Rc8 13. Rfd1 Rc7 14. Nd2 Qc8 15.
Nf1 Re8 16. Ng3 g6 17. h4 Bf8 18. Bg5 Rc4 19. Qe3 Qc6 20. h5 Rc8 21. Bxf6 Nxf6
22. Qg5 Ne8 23. hxg6 hxg6 24. Nf5 Qd7 25. Rd3 Qd8 26. Nh6+ Kg7 27. Nf5+ Kh7 28.
Qg4 gxf5 29. Qxf5+ Kg8 30. Be2 Qf6 31. Rg3+ Bg7 32. Qd7 R4c7 33. Qh3 Kf8 34.
Rd1 Qh6 35. Qf5 Qf4 36. Qh7 Rxc3 37. Rxg7 Nxg7 38. bxc3 Ne8 39. Qh8+ Ke7 40.
Rd3 Nf6 41. Qh3 0-1

[Event "XVII Miedzynarodowy Turniej Szachowy Kow"]
[Site "Kowalewo Pomorskie"]
[Date "2010.07.05"]
[Round "2.8"]
[White "Tarkowski, Michal"]
[Black "Zielinski, Wojciech"]
[Result "0-1"]
[WhiteElo "2067"]
[BlackElo "2008"]
[PlyCount "66"]
[EventDate "2010.??.??"]

1. d4 e6 2. c4 d5 3. Bf4 Nf6 4. e3 Bb4+ 5. Nc3 O-O 6. Qb3 c5 7. Nf3 Nc6 8. a3
Na5 9. Qc2 Bxc3+ 10. Qxc3 dxc4 11. Bxc4 Ne4 12. Qc2 Nxc4 13. Qxc4 Qa5+ 14. b4
cxb4 15. Qxb4 Qa6 16. Ne5 f6 17. Nc4 e5 18. dxe5 Be6 19. Nd6 Nxd6 20. exd6 Rfc8
21. Qe4 Bc4 22. f3 g5 23. Bg3 Qa5+ 24. Kf2 Qd2+ 25. Kg1 Bf7 26. h4 Rc2 27. Rh2
Rc1+ 28. Rxc1 Qxc1+ 29. Kf2 Rc8 30. Be5 Rc2+ 31. Kg3 fxe5 32. hxg5 Qe1+ 33. Kg4
Rc4 0-1

[Event "XVII Miedzynarodowy Turniej Szachowy Kow"]
[Site "Kowalewo Pomorskie"]
[Date "2010.07.05"]
[Round "2.9"]
[White "Flazinski, Jozef"]
[Black "Rogala, Robert"]
[Result "0-1"]
[WhiteElo "2000"]
[BlackElo "2037"]
[PlyCount "68"]
[EventDate "2010.??.??"]

1. e4 c5 2. Nf3 Nc6 3. c3 e6 4. d4 cxd4 5. cxd4 d5 6. Nc3 Nf6 7. e5 Ne4 8. Bd3
Bb4 9. Qc2 Qa5 10. Bd2 Nxd2 11. Qxd2 O-O 12. O-O f5 13. exf6 Rxf6 14. Qe3 Bd7
15. Ne2 Raf8 16. a3 Be7 17. b4 Qd8 18. Ne5 Nxe5 19. dxe5 Rh6 20. g3 b6 21. Nd4
g5 22. f4 g4 23. f5 Bg5 24. Qe2 Kh8 25. fxe6 Bxe6 26. Nxe6 Rxe6 27. Bf5 Ree8
28. Bxg4 d4 29. Bf5 Be3+ 30. Kg2 Rxe5 31. g4 Qh4 32. Qf3 h5 33. h3 hxg4 34.
hxg4 Rexf5 0-1

[Event "XVII Miedzynarodowy Turniej Szachowy Kow"]
[Site "Kowalewo Pomorskie"]
[Date "2010.07.05"]
[Round "2.10"]
[White "Puczylowski, Marcin"]
[Black "Kruczynski, Marek"]
[Result "1/2-1/2"]
[WhiteElo "2034"]
[BlackElo "1988"]
[PlyCount "46"]
[EventDate "2010.??.??"]

1. d4 e6 2. c4 b6 3. Nc3 Bb7 4. e4 Bb4 5. Bd3 f5 6. d5 fxe4 7. Bxe4 Qh4 8. Qd3
Nf6 9. Bf3 Na6 10. dxe6 Nc5 11. exd7+ Nfxd7 12. Qe2+ Ne4 13. Bd2 Bxc3 14. Bxc3
O-O 15. O-O-O Ndc5 16. Bd4 Rae8 17. Qc2 a5 18. Nh3 Rxf3 19. gxf3 Qxh3 20. fxe4
Bxe4 21. Qe2 Nd3+ 22. Rxd3 Qxd3 23. Qxd3 Bxd3 1/2-1/2

[Event "XVII Miedzynarodowy Turniej Szachowy Kow"]
[Site "Kowalewo Pomorskie"]
[Date "2010.07.05"]
[Round "2.11"]
[White "Pietrzak, Tomasz"]
[Black "Szmidt, Przemyslaw"]
[Result "1/2-1/2"]
[WhiteElo "1980"]
[BlackElo "2033"]
[PlyCount "86"]
[EventDate "2010.??.??"]

1. Nf3 Nf6 2. d4 c5 3. c4 cxd4 4. Nxd4 Nc6 5. Nc3 g6 6. e4 d6 7. Be2 Bg7 8. O-O
Nxd4 9. Qxd4 O-O 10. Rd1 Be6 11. Qe3 Nd7 12. Bd2 Ne5 13. b3 Nc6 14. Rac1 f5 15.
Qh3 Nd4 16. Bh6 fxe4 17. Qe3 Bxh6 18. Qxh6 Nxe2+ 19. Nxe2 Bg4 20. Qe3 Qb6 21.
Qxb6 axb6 22. Rd2 Bxe2 23. Rxe2 Ra5 24. Rce1 e6 25. Rxe4 Rxa2 26. f3 e5 27. Rd1
Rf6 28. Rd5 Kf7 29. Rb5 Ra6 30. Kf2 g5 31. h4 h6 32. hxg5 hxg5 33. Re1 g4 34.
Re4 gxf3 35. gxf3 Rh6 36. Rg4 Rh2+ 37. Ke3 Rb2 38. f4 exf4+ 39. Rxf4+ Ke7 40.
Rd4 Ra3 41. Rd3 Kd7 42. Rxb6 Kc7 43. Rbxd6 Rbxb3 1/2-1/2

[Event "XVII Miedzynarodowy Turniej Szachowy Kow"]
[Site "Kowalewo Pomorskie"]
[Date "2010.07.06"]
[Round "3.1"]
[White "Siembab, Bartosz"]
[Black "Banasik, Krzysztof"]
[Result "1/2-1/2"]
[WhiteElo "2276"]
[BlackElo "2250"]
[PlyCount "87"]
[EventDate "2010.??.??"]

1. d4 e6 2. c4 Nf6 3. Nf3 Bb4+ 4. Nbd2 O-O 5. g3 c5 6. a3 Bxd2+ 7. Qxd2 b6 8.
Bg2 Bb7 9. O-O cxd4 10. Qxd4 Nc6 11. Qh4 Na5 12. Be3 Rc8 13. Rac1 Ba6 14. Nd2
d5 15. b3 dxc4 16. bxc4 Nd7 17. Bg5 f6 18. Be4 h6 19. Be3 f5 20. Qxd8 Rfxd8 21.
Bb1 Ne5 22. Rfd1 Nexc4 23. Nxc4 Bxc4 24. Kf1 Kf7 25. h3 Kf6 26. f4 b5 27. Kf2
Nb3 28. Rxd8 Rxd8 29. Rg1 h5 30. g4 hxg4 31. hxg4 a6 32. gxf5 exf5 33. Rh1 Nd2
34. Bd3 Nb3 35. Bc2 Nd4 36. Rd1 Ne6 37. Rxd8 Nxd8 38. Bd4+ Kg6 39. e4 Be6 40.
Kf3 Nc6 41. exf5+ Bxf5 42. Bxf5+ Kxf5 43. Bxg7 a5 44. Ke3 1/2-1/2

[Event "XVII Miedzynarodowy Turniej Szachowy Kow"]
[Site "Kowalewo Pomorskie"]
[Date "2010.07.06"]
[Round "3.2"]
[White "Kobus, Sebastian"]
[Black "Piesik, Piotr"]
[Result "0-1"]
[WhiteElo "2080"]
[BlackElo "2264"]
[PlyCount "54"]
[EventDate "2010.??.??"]

1. e4 Nc6 2. d4 e5 3. Nf3 exd4 4. Nxd4 Nf6 5. Bc4 Nxe4 6. Bxf7+ Kxf7 7. Qh5+ g6
8. Qd5+ Kg7 9. Nxc6 dxc6 10. Qxe4 Bf5 11. Qe5+ Kf7 12. O-O Bg7 13. Qf4 Qd6 14.
Nc3 Rhe8 15. Qc4+ Qe6 16. Qh4 Bxc2 17. Bh6 Bxh6 18. Qxh6 Kg8 19. Nd1 Bd3 20.
Ne3 Bxf1 21. Rxf1 Rad8 22. h4 Rd4 23. g3 Re4 24. h5 Qh3 25. g4 Rxg4+ 26. Nxg4
Qxg4+ 27. Kh2 Re5 0-1

[Event "XVII Miedzynarodowy Turniej Szachowy Kow"]
[Site "Kowalewo Pomorskie"]
[Date "2010.07.06"]
[Round "3.3"]
[White "Zurkowski, Andrzej"]
[Black "Reza, Wojciech"]
[Result "0-1"]
[WhiteElo "2175"]
[BlackElo "1940"]
[PlyCount "90"]
[EventDate "2010.??.??"]

1. d4 Nf6 2. Nf3 e6 3. g3 c5 4. c3 d5 5. Bg2 Bd6 6. O-O O-O 7. Ne5 Nc6 8. f4
Qb6 9. e3 Ne7 10. g4 Qc7 11. Nd2 b6 12. Qf3 Ba6 13. Re1 Rac8 14. g5 Nd7 15. Nf1
Nf5 16. Ng3 Nh4 17. Qg4 Nxg2 18. Kxg2 Nxe5 19. dxe5 Be7 20. Bd2 d4 21. e4 Qc6
22. Kg1 dxc3 23. Bxc3 c4 24. h4 Bc5+ 25. Kh2 b5 26. a3 Bb7 27. Re2 a5 28. Nh5
b4 29. axb4 axb4 30. Be1 Kh8 31. Ng3 Ra8 32. Rxa8 Rxa8 33. h5 c3 34. f5 c2 35.
Bd2 Bd4 36. Qf4 Bxb2 37. Re1 exf5 38. Nxf5 Qe6 39. Kh1 Bxe5 40. Qf3 b3 41. h6
b2 42. Nxg7 Bxg7 43. hxg7+ Kg8 44. g6 hxg6 45. Bc1 b1=Q 0-1

[Event "XVII Miedzynarodowy Turniej Szachowy Kow"]
[Site "Kowalewo Pomorskie"]
[Date "2010.07.06"]
[Round "3.4"]
[White "Choroszej, Aleksander"]
[Black "Kubicki, Marek"]
[Result "1-0"]
[WhiteElo "2095"]
[BlackElo "2172"]
[PlyCount "69"]
[EventDate "2010.??.??"]

1. d4 f5 2. g4 fxg4 3. h3 gxh3 4. Nxh3 d5 5. Ng5 Nh6 6. e4 dxe4 7. Rxh6 Bf5 8.
Rh1 Nc6 9. c3 e6 10. Bc4 Qf6 11. Qb3 O-O-O 12. Bxe6+ Kb8 13. Bxf5 Qxf5 14. Qf7
Qb5 15. Ne6 Rc8 16. Nd2 Nd8 17. Nxd8 Rxd8 18. Nc4 c5 19. Bf4+ Ka8 20. O-O-O
cxd4 21. Rxd4 Bc5 22. Rxd8+ Rxd8 23. Rd1 Qe8 24. Rxd8+ Qxd8 25. Qxg7 h5 26. Qe5
Bxf2 27. Qxe4 Bc5 28. b4 Be7 29. Kc2 h4 30. Na5 Qd7 31. Qe5 Qd8 32. Nc4 h3 33.
Ne3 Bf6 34. Qd6 Qxd6 35. Bxd6 1-0

[Event "XVII Miedzynarodowy Turniej Szachowy Kow"]
[Site "Kowalewo Pomorskie"]
[Date "2010.07.06"]
[Round "3.5"]
[White "Mazalon, Mariusz"]
[Black "Jaroch, Karol"]
[Result "0-1"]
[WhiteElo "2093"]
[BlackElo "2241"]
[PlyCount "98"]
[EventDate "2010.??.??"]

1. d4 e6 2. c4 d5 3. Nf3 f5 4. g3 Nf6 5. Bg2 Be7 6. O-O O-O 7. b3 Bd7 8. Qc2
Nc6 9. cxd5 exd5 10. Bb2 Ne4 11. Nc3 Be8 12. e3 h5 13. Ne5 h4 14. f3 Ng5 15.
gxh4 Ne6 16. f4 Nb4 17. Qd1 c6 18. a3 Na6 19. h5 Rf6 20. Kh1 Nb8 21. Bf3 Nd7
22. Rg1 Rh6 23. Rg2 Nf6 24. Rg3 Ne4 25. Bxe4 fxe4 26. Rg6 Bxg6 27. hxg6 Qf8 28.
Qg4 Qf6 29. Rg1 Nf8 30. Ne2 Rh4 31. Qg2 Rd8 32. Ng3 Bd6 33. Qf2 Ne6 34. Nf7 Rd7
35. Nxd6 Rxd6 36. Nf5 Rxf4 37. exf4 Qxf5 38. Bc1 Nf8 39. Rg5 Qh3 40. f5 Rf6 41.
Be3 Ne6 42. fxe6 Rxf2 43. Bxf2 Qxe6 44. Be3 Qf6 45. Kg1 Qf3 46. Rg3 Qe2 47. Bf4
Qd1+ 48. Kg2 Qxd4 49. h4 Qf6 0-1

[Event "XVII Miedzynarodowy Turniej Szachowy Kow"]
[Site "Kowalewo Pomorskie"]
[Date "2010.07.06"]
[Round "3.6"]
[White "Rogala, Robert"]
[Black "Plichta, Kamil"]
[Result "0-1"]
[WhiteElo "2037"]
[BlackElo "2158"]
[PlyCount "64"]
[EventDate "2010.??.??"]

1. Nf3 Nf6 2. g3 g6 3. Bg2 Bg7 4. O-O O-O 5. c4 d6 6. Nc3 e5 7. d3 h6 8. Bd2 a5
9. Qc1 Kh7 10. c5 Nc6 11. Nb5 d5 12. d4 e4 13. Ne1 Nh5 14. Nc2 f5 15. f4 exf3
16. exf3 g5 17. Bc3 Be6 18. Qd2 Bf7 19. b4 axb4 20. Nxb4 Qd7 21. Nc2 f4 22. g4
Nf6 23. a4 Ne7 24. h4 Ng6 25. h5 Nh4 26. Qd3+ Kh8 27. Be1 Nxg2 28. Kxg2 Bg8 29.
Rg1 Rae8 30. Kf1 Bh7 31. Qd2 Nxh5 32. Ra3 Nf6 0-1